000 00972nam a2200241Ia 4500
001 15497
003 GE_BSU
008 181216s||||||||xx |||||||||||||| ||und||
010 _a9789941462009
040 _cGE_BSU
080 _a008(=353.1)+325.2(=353.1)
100 _aგუგუნავა,ნანი
245 _aქართველ ემიგრანტთა კულტურული მემკვიდრეობიდან
245 _bწერილები
245 _cრედ:შუშანა ფუტკარაძე
260 _aბათუმი
260 _bბათუმის შოთა რუსთაველის სახელმწ. უნ-ტის გამ-ბა.
260 _c2015
300 _a78გვ;20სმ.
541 _h2ლ.57თ.
653 _aქართველ ემიგრანტთა კულტურული მემკვიდრეობიდან
942 _cBK
999 _c48597
_d48597